[Event "Candidates Tournament"]
[Site "Berlin"]
[Date "2018.03.18"]
[Round "7"]
[White "Aronian, Levon"]
[Black "Caruana, Fabiano"]
[Result "0-1"]
[WhiteElo "2794"]
[BlackElo "2784"]
[Annotator "Yermolinsky,A"]
[PlyCount "76"]
[EventDate "2018.03.10"]
[EventType "tourn"]
[EventRounds "14"]
[EventCountry "GER"]
[EventCategory "22"]
[SourceTitle "CBM 184"]
[Source "ChessBase"]
[SourceDate "2018.05.16"]
[SourceVersion "1"]
[SourceVersionDate "2018.05.16"]
[SourceQuality "1"]

1. d4 Nf6 2. c4 e6 3. Nf3 d5 4. Nc3 dxc4 {Interesting ploy from Caruana. He
goes for the Vienna Variation, the line championed by Aronian himself.} 5. e4
Bb4 6. Bg5 h6 ({Karjakin-Aronian from earlier in this tournament, and
countless other games, saw} 6... c5) 7. Bxf6 Qxf6 {This line didn't use to be
so hot until lately, when the efforts of Nisipeanu, Pelletier and Vallejo Pons
finally gained recognition.} 8. Bxc4 ({The almost forgotten idea} 8. Qa4+ {
makes some sense here. At least the black c-pawn won't be able to hit the
white centre right away. After} Nc6 9. Bxc4 O-O 10. O-O Bd7 11. Qb3 Ba5 12.
Rad1 Bb6 13. e5 Qe7 14. Qc2 Nb4 15. Qe2 Bc6 16. a3 {White is hoping to
translate his spatial gains into something meaningful.}) 8... c5 $1 9. O-O {
White states his intention to play for quick development.} ({Alternatively,} 9.
e5 Qd8 10. a3 Bxc3+ 11. bxc3 cxd4 12. cxd4 Nc6 13. O-O O-O 14. Qd3 b6 {would
lead to a standard pawn structure Kramnik doesn't mind defending as Black.})
9... cxd4 10. e5 Qd8 11. Ne4 O-O 12. Qe2 Be7 (12... Bd7) 13. Rad1 Qc7 14. Bd3 (
{A straight-forward pawn sac} 14. Nd6 Bxd6 15. exd6 Qxd6 16. Rxd4 Qe7 17. Rfd1
Nc6 18. Rd6 {may succeed but only in blitz.}) 14... Nd7 {This move underlines
a general problem with White's concept: his e5-pawn is insufficiently
protected due to the absence of his dark-squared bishop. Granted, Black is
behind in development, but his kingside defences are quite solid.} 15. Rc1 Qa5
{[#]} {[%tqu "En","","","","g2g4","It's hard to blame Levon for trying to turn
his luck around, but such moves tend to backfire on you more often than not.",
10,"e4g3","",0]} 16. g4 $6 {It's hard to blame Levon for trying to turn his
luck around, but such moves tend to backfire on you more often than not.} (16.
Ng3 Nc5 17. Bb1 d3 {forces White to part with the bishop, effectively ending
his attacking chances.}) 16... Nxe5 17. Nxe5 Qxe5 18. f4 Qa5 19. g5 Qd8 $6 {
Caruana shows his willingness to put up a tough defence.} ({There's something
to be said in favour of the counter-attacking plan} 19... Bd7 20. gxh6 Rfc8 ({
Fabiano must have seen} 20... g6 21. Nc5 $5 Bxc5 22. Qe5 f6 23. Qxc5 Qxc5 24.
Rxc5 {and found this endgame troublesome.}) 21. hxg7 Rxc1 22. Rxc1 Bc6 {
but leaving his king without shelter is unnerving.}) 20. h4 Bd7 21. gxh6 g6 22.
h5 Kh8 23. Kh2 {Aronian just couldn't stop. Clearly, he was thinking attack,
when in reality White should be looking to escape with a draw.} ({The obvious} 
23. hxg6 fxg6 24. Nc5 {offers White compensation, albeit Black can survive:}
Rc8 {etc.}) 23... Bc6 24. Rf3 Bd6 $1 {The engines may not rate this move as
the strongest, but from a human point of view it's more than good enough.
Caruana's play is very consistent.} 25. Qf2 Bc7 26. Kh3 Qe7 (26... gxh5 27. Rg3
f5 {Again, the engines try to lead us astray.}) 27. Ng5 e5 28. Rxc6 $5 {
Probably, the best chance, although White cannot count on more than a draw in
all lines.} bxc6 29. Nxf7+ Rxf7 30. hxg6 Rf6 $2 {Fabiano's only mistake in the
overall very solidly played game.} ({He must have rejected} 30... Rxf4 {
on account of} 31. Rxf4 exf4 32. Qxd4+ Qe5 33. g7+ Kg8 34. Bc4+ Kh7 35. Qd3+
Kxh6 36. g8=Q Rxg8 37. Bxg8 {and indeed, it seemed White could survive, but
only until Black finds} Qh8 $1 38. Bb3 Kg5+ 39. Kg2 Qxb2+ 40. Bc2 Qf6 {with
decent winning chances.}) 31. g7+ $2 {In time trouble Levon misses his chance.}
(31. Qh4 $3 Qe6+ (31... e4 32. Bxe4) 32. f5 Qe7 33. Be4 {would lead to a crazy
position. Black is up a whole rook, but, positionally speaking, White is doing
just fine.}) 31... Kg8 32. Bc4+ $2 ({Again,} 32. Qh4 $1) 32... Kh7 33. Qh4 e4
34. Rg3 Bxf4 35. g8=Q+ Rxg8 36. Bxg8+ Kh8 37. Rg7 Qf8 38. Rh7+ Kxg8 0-1

[Event "Candidates Tournament"]
[Site "Berlin"]
[Date "2018.03.23"]
[Round "11"]
[White "Caruana, Fabiano"]
[Black "Kramnik, Vladimir"]
[Result "1/2-1/2"]
[WhiteElo "2784"]
[BlackElo "2800"]
[Annotator "Krasenkow,M"]
[PlyCount "79"]
[EventDate "2018.03.10"]
[EventType "tourn"]
[EventRounds "14"]
[EventCountry "GER"]
[EventCategory "22"]
[SourceTitle "CBM 184"]
[Source "ChessBase"]
[SourceDate "2018.05.16"]
[SourceVersion "1"]
[SourceVersionDate "2018.05.16"]
[SourceQuality "1"]

1. c4 e6 2. Nc3 d5 3. d4 c6 4. e4 dxe4 5. Nxe4 c5 $5 {[%mdl 512] Almost a
novelty (this move had been played by a couple of rather weak players).} 6.
Nxc5 Nc6 $146 {[%mdl 8]} ({Of course, after} 6... Bxc5 $6 7. dxc5 Qxd1+ 8. Kxd1
{White is better due to his bishop pair, e.g.} Nf6 9. Be2 Bd7 {1-0 (35) Hutt,A
(2122)-Moas,H Villa Carlos Paz 2003} 10. Be3 {etc.}) 7. Nf3 {Simple and good.}
(7. Nb3 {requires investigation. Most probably, Vladimir Kramnik planned} a5 8.
a4 $140 Bb4+ 9. Bd2 Nxd4 $1 10. Bxb4 Nxb3 11. Qxb3 ({or} 11. Qxd8+ $5 Kxd8 12.
Rd1+ Ke8 13. Bd6 Bd7 $13) 11... Qb6 {Black regains the piece but his b4-pawn
will look vulnerable. Further analysis is required but at first glance Black
should equalise.}) 7... Nxd4 8. Qxd4 Qxd4 9. Nxd4 Bxc5 {Black has regained the
pawn but White keeps the initiative.} 10. Nb5 Ke7 11. Bd2 $6 {But not this way.
} (11. Nc7 $142 $1 Rb8 12. Bf4 Bb4+ 13. Ke2 Bd6 14. Bxd6+ Kxd6 15. Nb5+ Kc5 (
15... Ke7 16. Nxa7 Bd7 17. a4 $5) 16. Nxa7 (16. Rd1 $5 {[%csl Rc5]}) 16... Bd7
17. Ke1 {[%cal Ya7b5] and Black does not have sufficient compensation for the
missing pawn.}) 11... Bd7 {Black now consolidates his position and equalises.}
12. b4 Bxb5 13. cxb5 Bd6 14. g3 Rc8 {After this move White gets the important
c6-square for his bishop.} (14... Nf6 $5 15. Bg2 Nd5 $11) 15. Bg2 b6 16. Ke2
Nh6 17. Rac1 Nf5 18. Bc3 f6 19. f4 h5 20. Bc6 {[%csl Gc6] Now Black switches
to the d-file.} Rcd8 21. a4 h4 22. Kf3 (22. g4 {was more challenging for Black:
} Nh6 (22... Bxf4 {is risky as after} 23. gxf5 Bxc1 24. Rxc1 exf5 {White's
bishop pair should not be underestimated, e.g.} 25. a5 g5 26. axb6 axb6 27. Be1
{(S.Grigoriants)}) 23. Kf3 Nf7 {[%cal Yg7g5]} 24. Rce1 g5 25. Bd5 e5 ({or} 
25... Bxf4 26. Rxe6+ Kf8 27. Bxf6 Rxd5 28. Rhe1 Rd3+ 29. Kf2 Nh6 30. Bxh8 Nxg4+
) 26. Bxf7 Kxf7 27. fxe5 fxe5 28. Bxe5 Bxb4 29. Bxh8 Bxe1 30. Rxe1 Rxh8 {
- in both cases Black should not lose but he is certainly on the defending
side.}) 22... hxg3 23. hxg3 Rxh1 24. Rxh1 Bb8 25. Be4 Kf7 26. Rc1 (26. a5 Nd6
27. Bc6 Nf5 $11) 26... Ne7 27. Be1 f5 28. Bb1 Rd4 {Black's counterplay is now
enough for equality.} 29. Bc3 Rc4 30. Ba2 Rc8 31. Bb2 Rd8 32. Bc4 Rc8 33. Bb3
Rxc1 34. Bxc1 Bd6 35. Bd2 Nd5 36. Bxd5 exd5 37. Bc3 Be7 38. a5 Bf6 39. Bxf6
Kxf6 40. Ke3 1/2-1/2

[Event "Candidates Tournament"]
[Site "Berlin"]
[Date "2018.03.15"]
[Round "5"]
[White "Caruana, Fabiano"]
[Black "Karjakin, Sergey"]
[Result "1/2-1/2"]
[WhiteElo "2784"]
[BlackElo "2763"]
[Annotator "Fernandez,D"]
[PlyCount "61"]
[EventDate "2018.03.10"]
[EventType "tourn"]
[EventRounds "14"]
[EventCountry "GER"]
[EventCategory "22"]
[SourceTitle "CBM 184"]
[Source "ChessBase"]
[SourceDate "2018.05.16"]
[SourceVersion "1"]
[SourceVersionDate "2018.05.16"]
[SourceQuality "1"]

1. d4 Nf6 2. c4 e6 3. g3 d5 4. Bg2 Be7 5. Nf3 O-O 6. Qb3 {Opting for a
relative backwater of the Catalan complex.} c6 (6... c5 {is often played but
my guess is that Black didn't want to allow his opponent an IQP type position.}
) 7. O-O dxc4 {I'm not sure whether it's permissible to give this '?!',
however one thing is certain, this move deserts the centre a bit and Black
isn't forcing through ...c5, which normally constitutes compensation for that.}
(7... Nbd7 {is the main move, intending sensible development with ...b6 or
else some Dutch-type thing. There could follow, for instance,} 8. Bf4 a5 9. Rc1
h6 10. a4 Ne4 $5 $132 {as played in an Olympiad game between two people who
are currently in Berlin, though for different reasons! Giri,A-Aronian,L
Istanbul 2012}) 8. Qxc4 b5 9. Qc2 Bb7 10. Nbd2 {This is not terribly incisive.}
(10. Bg5 $1 {should be a virtually automatic pick- I don't see what Black's
way of arranging ...c5 could be.} Nbd7 11. Bxf6 Nxf6 (11... Bxf6 12. Nbd2 Qc7
13. Rfc1 Rfc8 14. Ne4 Be7 15. a4 $14 {and Black will be suffering for a while})
(11... gxf6 12. Nc3 Qb6 13. a4 b4 14. a5 Qa6 15. Na4 {is painful to look at,
even if it is somehow sound for Black.}) 12. Nbd2 a5 (12... c5 $6 13. dxc5 Rc8
14. b4 a5 15. a3 $16 {was the rather anticlimatic continuation in the only
practical test, Shvidler,E -Kundin,A Tel Aviv 1995}) 13. Nb3 Nd7 14. a4 Qb6 15.
Rfc1 $36 {White has continuing pressure against the Black queenside.}) 10... c5
$1 {Just like that, White's opening ideas are all neutralised. Neither can
this have been a great secret to either player- it's been seen multiple times
before.} 11. dxc5 Na6 12. Nb3 Be4 13. Qc3 Rc8 14. Be3 (14. Qa5 Qxa5 15. Nxa5 {
is one way of trying to squeeze blood from a stone (15...Nxc5 16.Nd4 etc.)
however Black has decent replies, one of which is} Bxc5 $11) 14... Nd5 15. Qd2
Bxf3 16. Bxf3 Nxe3 17. Qxe3 Nxc5 18. Nxc5 Bxc5 19. Qb3 Qb6 {By this point,
everyone in the commentary room, and for that matter the world, was already
aware that the game would be a draw.} 20. e3 Be7 21. Rfd1 Rc7 22. Rac1 Rfc8 23.
Rxc7 Rxc7 24. Kg2 g6 25. Rd2 Kg7 26. Rc2 Rxc2 27. Qxc2 Qc5 28. Qxc5 Bxc5 29. b3
f5 30. a4 bxa4 31. bxa4 {The requisite 30 moves have been made.} 1/2-1/2

[Event "Candidates Tournament"]
[Site "Berlin"]
[Date "2018.03.16"]
[Round "6"]
[White "Caruana, Fabiano"]
[Black "Grischuk, Alexander"]
[Result "1/2-1/2"]
[WhiteElo "2784"]
[BlackElo "2767"]
[Annotator "Baldauf,M"]
[PlyCount "71"]
[EventDate "2018.03.10"]
[EventType "tourn"]
[EventRounds "14"]
[EventCountry "GER"]
[EventCategory "22"]
[SourceTitle "CBM 184"]
[Source "ChessBase"]
[SourceDate "2018.05.16"]
[SourceVersion "1"]
[SourceVersionDate "2018.05.16"]
[SourceQuality "1"]

1. d4 Nf6 2. c4 g6 3. Nf3 Bg7 4. e3 $5 {Eine interessante Nebenvariante, die
Grischuk die Laune an seinem Grünfeldinder verderben soll. Die Idee des Zuges
ist, Nc3 zu verzögern, um so dem typischen Grünfeldzug ...d5 den Zahn zu
ziehen.} O-O 5. Be2 c5 {Wie schon gegen Aronians Anti-Grünfeld mit 3.f3
meidet Grischuk den Übergang ins Benoni nicht.} (5... d5 {ergibt nun weniger
Sinn, da nach} 6. cxd5 Nxd5 7. e4 {der Springer sich nicht wie geplant auf c3
tauschen kann und Weiß den Raumvorteil eher genießen kann als in den
typischen Grünfeldstrukturen nach ...Nxc3 bxc3.}) ({Om königsindischen Stile
mit} 5... d6 {fortzufahren ist freilich ebenso möglich. Für diese Strategie
entschied sich Caruana vor fünf Jahren, als er gegen den gleichen Gegner mit
den schwarzen Steinen diese Stellung auf dem Brett hatte. Grischuk meinte in
der Pressekonferenz, es sei ein seltsames Gefühl gewesen, gegen "seine"
Variante zu spielen, schließlich habe er das komisch anmutende 4.e3 damals
salonfähig gemacht. "Definitiv in den Top-3 seiner Eröffnungsideen" sei
dieses Anti-Grünfeld-Rezept.} 6. Nc3 Nbd7 7. O-O e5 8. Qc2 Re8 9. Rd1 e4 10.
Nd2 Qe7 11. b4 Nf8 12. Bb2 h5 13. Rac1 $14 {1/2-1/2 (59) Grischuk,A (2785)
-Caruana,F (2779) Elancourt 2013 CBM 157 [Krasenkow,M]}) 6. d5 e6 7. Nc3 exd5
8. cxd5 d6 {Schwarz hat aufgrund des etwas bescheidenem e3 einen guten Benoni
- doch gibt es so etwas, "einen guten Benoni"? Grischuk ist der Meinung. Der
strukurelle Vorteil des Weißen wird durch aktives Figurenspiel und einem
Prachtläufer auf g7 kompensiert.} 9. Nd2 Na6 10. O-O Nc7 11. e4 Re8 {Greift
des Bauern e4 nochmal an und droht somit sofortiges ...b5.} 12. a4 Rb8 13. f3
$5 {Caruana schließt die Bauernkette g2-d5 und stützt so den e4 zuverlässig,
schwächt damit aber seine schwarzen Felder. Definitiv eine zweischneidige
Entscheidung, welche aber noch Teil der Vorbereitung sein sollte.} ({Das etwas
natürlichere} 13. Qc2 $6 {scheitert an} Nfxd5 $1 14. exd5 Bxc3 15. bxc3 Rxe2
$15 {wonach Weiß zwar etwas Kompensation für den Bauern, aber keinesfalls
mehr haben sollte.}) (13. Re1 a6 14. a5 Bd7 {und Schwarz sollte zu ähnlichem
Gegenspiel wie in der Partie kommen.}) 13... a6 14. a5 (14. Rb1 $2 {ist eine
typische Entgegnung auf den schwarzen Plan ...b5, ist an dieser Stelle jedoch
keineswegs zu empfehlen:} b5 15. axb5 axb5 16. b4 {zum einen ist dieser Plan m.
E. nur funktionabel wenn auf ...c4 der weißen Springer auf das Traumfeld d4
kommt, zum anderen kommt Schwarz hier nach} Nh5 $1 {zu sofortigem Angriff. Nach
} 17. Qc2 Bd4+ 18. Kh1 $6 Ng3+ 19. hxg3 Qg5 {ist die Partie nämlich schon
vorüber.}) 14... Bd7 15. Nc4 Bb5 {Der Bc8 ist zwar eigentlich der "gute
Läufer", triff im Benoni jedoch imme auf eine massive weiße Bauernkette und
man kann froh sein, das Sorgenkind entfernt zu bekommen.} 16. Bg5 Bxc4 17. Bxc4
b5 18. axb6 Rxb6 {Bis hierhin spielten Grischuk wie Caruana ihre natürlichen
Pläne aus. Weiß hat sich das Läuferpaar geholt und eine solide Bauernkette
im Zentrum errichtet. Alle Leichtfiguren sind gut entwickelt. Schwarz hat zwei
Bauernschwächen a6 und d6, dafür jedoch Angriff auf der b-Linie und guten
Gripp auf den schwarzen Feldern. Die Springerwanderung c7-b5-d5 liegt zudem in
der Luft. Die Engines geben in derartigen Stellungen weißen Vorteil, am Brett
könnte es jedoch leichter für Schwarz zu spielen sein.} 19. Na4 (19. Qc2 {
folgte in einer Vorgängerpartie, in der Schwarz ambitioniert spielte und
seine Kontrolle über die schwarzen Felder ausbaute:} h6 20. Bh4 g5 $5 21. Bf2
Nd7 22. Ra2 Qf6 23. Be2 Reb8 24. Be3 Ne5 25. g3 $1 Rb4 $13 {0-1 (62)
Hamitevici,V (2430) -Jumabayev,R (2599) London 2015}) 19... Rb4 (19... Rb8 {
pocht auf den Plan ... Nb5-d4:} 20. Ra2 Nb5 $13 {das Problem für Schwarz ist
nun, dass er den a6 nun nicht mehr gut decken kann.} 21. Kh1 Qc8 {aber Schwarz
sollte hier im Vergleich zur Partie etwas schneller sein.}) (19... Rb7 {
war der Vorschlag Caruanas: die Idee ist die gleiche wie ...Rb8, man möchte
die Springerroute b5-d4 offen halten.}) 20. b3 Qc8 (20... Nb5 $6 {würde nun
die Qualität verlieren. Zwar bekommt man Kompensation auf den schwarzen
Feldern, dennoch gibt es keinerlei Grund für solch radikale Maßnahmen} 21.
Bd2 Nd7 22. Ra2) 21. Bf4 $1 {Greift die Schwäche auf d6 an, ehe Schwarz die
Umgruppierung Nd7-Ne5 schafft.} Qd7 (21... Nh5 $6 22. Bxd6 Bxa1 $2 {daran
dachte Grischuk intuitiv vermutlich nicht einmal eine einzige Sekunde} (22...
Nb5 $5 {ist hingegen interessant und zweischneidig, da der Bd6 kalte Füße
bekommt - die taktischen Verwicklungen funktionieren jedoch für Weiß} 23. Nb6
$1 Qb7 24. Bxc5 Nc3 25. Qd2 Rxb6 26. Kh1 $16 {und Weiß bedient sich danach
auf b6 und hat genug Bauern, um die etwas unkoordinierten schwarzen
Leichtfiguren in Zaum zu halten.}) 23. Qxa1 {und die schwarze Stellung hat all
ihre Koordination eingebüßt.}) 22. Ra2 Nh5 23. Be3 Rbb8 {Grischuk sieht nun
ein, dass er ohne ...Nb5 nicht vorankommt und beordert seinen Turm aus der
Gefahrenzone.} 24. Qd2 Nb5 {Grischuk droht nun auf d4 zu landen, so dass
Caruana die Läuferdiagonale g7-a1 vorübergehend schließen möchte und
danach seinen Na4 ins Spiel zurückholt. Schwarz hat definitiv viel erreicht.}
25. g4 Nf6 26. Nb2 Qc8 27. Bf4 Nd7 $5 {Um die lang erwartete Umgruppierung des
Nf6 nach d7 zu schaffen opfert Grischuk einen Bauern - zudem muss Caruana
seine Damenflügelstruktur reparieren und der c-Bauer wird plötzlich zum
gefährlichen Freibauern.} 28. Bxb5 axb5 29. Bxd6 Rb6 30. Bg3 c4 {Alle
schwarzen Figuren stehen nun gut um den c-Bauern zu unterstützen und Weiß
muss genau spielen - bei knapper Zeit keineswegs ein einfaches Unterfangen.}
31. bxc4 bxc4 32. Qe2 $1 {Diesen Zug übersah Grischuk, als er mit 26...Qc8
diese Stellung mehr oder weniger forcierte. Der so komisch wirkende Nb2 droht
plötzlich auf c4, zum Helden zu werden.} Rb4 $1 {Erscheint daher der einzige
Zug zu sein, wonach Caruana sich etwas erleichtert in die Zugwiederholung
flüchtet. Er hat zwar immer noch einen Bauern Vorteil, doch die Stellung ist
brandgefährlich für ihn.} (32... c3 $2 33. Nc4 Rb4 34. Na5) 33. Bd6 Rb6 34.
Bg3 Rb4 35. Bd6 Rb6 36. Bg3 1/2-1/2